| 000 -LEADER |
| fixed length control field |
00734nam a2200253Ia 4500 |
| 001 - CONTROL NUMBER |
| control field |
1522 |
| 003 - CONTROL NUMBER IDENTIFIER |
| control field |
GE_BSU |
| 005 - DATE AND TIME OF LATEST TRANSACTION |
| control field |
20240528120959.0 |
| 008 - FIXED-LENGTH DATA ELEMENTS--GENERAL INFORMATION |
| fixed length control field |
181216s1988||||enk|||||||||||||| ||eng|| |
| 020 ## - INTERNATIONAL STANDARD BOOK NUMBER |
| International Standard Book Number |
0723429189x |
| 040 ## - CATALOGING SOURCE |
| Transcribing agency |
GE_BSU |
| 080 ## - UNIVERSAL DECIMAL CLASSIFICATION NUMBER |
| Universal Decimal Classification number |
616-097 R-66 |
| 100 ## - MAIN ENTRY--PERSONAL NAME |
| Personal name |
Roitt, Ivan. Brostoff Jonathan. Male, David |
| 9 (RLIN) |
22196 |
| 245 ## - TITLE STATEMENT |
| Title |
Immunology / |
| Statement of responsibility, etc. |
Roitt, Ivan. Brostoff Jonathan. Male, David |
| 245 ## - TITLE STATEMENT |
| Remainder of title |
Fifth Edition |
| 264 ## - PRODUCTION, PUBLICATION, DISTRIBUTION, MANUFACTURE, AND COPYRIGHT NOTICE |
| Place of production, publication, distribution, manufacture |
London, |
| Date of production, publication, distribution, manufacture, or copyright notice |
1988 |
| 300 ## - PHYSICAL DESCRIPTION |
| Extent |
423 p. |
| 653 ## - INDEX TERM--UNCONTROLLED |
| keyword |
იმუნოლოგია |
| 653 ## - INDEX TERM--UNCONTROLLED |
| keyword |
მედიცინა |
| 700 ## - ADDED ENTRY--PERSONAL NAME |
| Personal name |
Brostoff, Jonathan |
| Relator term |
ავტორი |
| 9 (RLIN) |
22197 |
| 700 ## - ADDED ENTRY--PERSONAL NAME |
| Personal name |
Male, David |
| Relator term |
ავტორი |
| 9 (RLIN) |
22198 |
| 942 ## - ADDED ENTRY ELEMENTS (KOHA) |
| Koha item type |
წიგნი |
| Source of classification or shelving scheme |
|